000 00243nam a2200097Ia 4500
001 683176
005 20250826161433.0
008 250824s9999 xx 000 0 und d
245 0 _aÖLÜ BİR KELEBEK
_cSELİM İLERİ
260 _bEVEREST YAYINLARI
999 _c683176
_d683176